ბათუმის შოთა რუსთაველის სახელმწიფო უნივერსიტეტის ბიბლიოთეკა

ალკოჰოლიზმისა და ნევროზების ფსიქოთერაპია / (ბიბ.ჩანაწერი № 61986)

000 -ლიდერი
ფიქსირებული სიგრძის საკონტროლო ველი 00947nam a22001937a 4500
003 - საკონტროლო ნომრის იდენტიფიკატორი
საკონტროლო ველი Ge_BSU
005 - ბოლო ოპერაციის თარიღი და დრო
საკონტროლო ველი 20240619111453.0
008 - ფიქსირებული სიგრძის მონაცემთა ელემენტები - ზოგადი ინფორმაცია
ფიქსირებული სიგრძის საკონტროლო ველი 240619s1987 ge ||||| |||| 00| 0 geo d
041 ## - ენის კოდი
Language code of text/sound track or separate title geo
080 ## - უნივერსალური ათობითი კლასიფიკაციის ინდექსი
Universal Decimal Classification number 616.89-008.441.13 გ-58
100 ## - მთავარი ჩანაწერი - პიროვნების სახელი
Personal name გობრონიძე, ევტიხი
9 (RLIN) 22488
245 ## - ცნობა სათაურის შესახებ
Title ალკოჰოლიზმისა და ნევროზების ფსიქოთერაპია /
Statement of responsibility, etc ევტიხი გობრონიძე; რედ. ლ. ხარებაშვილი.
264 ## - წარმოების, გამოცემის, დისტრიბუციის და სხვა ცნობები
გამოცემის, წარმოების, დისტრიბუციის... ადგილი თბ. :
გამოცემის, წარმოების, დისტრიბუციის... სახელწოდება საბჭ. საქართველო,
გამოცემის, წარმოების, დისტრიბუციის... თარიღი 1987.
300 ## - ფიზიკური აღწერა
Extent 67გვ. ;
Other physical details 17სმ.
653 ## - INDEX TERM--UNCONTROLLED
Uncontrolled term ალკოჰოლიზმის ფსიქოთერაპია
653 ## - INDEX TERM--UNCONTROLLED
Uncontrolled term ნევროზების ფსიქოთერაპია
700 ## - ADDED ENTRY--PERSONAL NAME
Personal name ხარებაშვილი, ლ.
Relator term რედაქტორი
9 (RLIN) 16279
942 ## - ADDED ENTRY ELEMENTS (KOHA)
Source of classification or shelving scheme
Koha item type წიგნი
ეგზემპლარები
ჩამოწერის სტატუსი დაკარგული ეგზემპლარის სტატუსი კლასიფიკაციის წყარო ან თაროზე გაწყობის სქემა დაზიანების სტატუსი არ გაიცემა მუდმივი მდებარეობა (დაცვის ადგილი) ამჟამინდელი ადგილსამყოფელი თაროზე განთავსების ადგილი შეძენის თარიღი ღირებულება, შესყიდვის ნორმალური ფასი სრული შენახვის შიფრი შტრიხკოდი ბოლო ოპერაციის თარიღი ეგზემპლარის მიმდევრობითი ნომერი (კეტერი?) ფასის ძალაში შესვლის თარიღი ეგზემპლარის სახეობა საჯარო შენიშვნა
          ბათუმის შოთა რუსთაველის სახელმწიფო უნივერსიტეტის მთავარი ბიბლიოთეკა ბათუმის შოთა რუსთაველის სახელმწიფო უნივერსიტეტის მთავარი ბიბლიოთეკა წიგნსაცავი 2024-06-19 0.40 616.89-008.441.13 გ-58 68262 2024-06-19 68262 2024-06-19 წიგნი 0,40 თ.
          ბათუმის შოთა რუსთაველის სახელმწიფო უნივერსიტეტის მთავარი ბიბლიოთეკა ბათუმის შოთა რუსთაველის სახელმწიფო უნივერსიტეტის მთავარი ბიბლიოთეკა წიგნსაცავი 2024-12-25 0.00 616.89-008.441.13 გ-58 70116 2024-12-25 70116 2024-12-25 წიგნი 0,40თ.